| 000 | 00509nam a2200145 a 4500 | ||
|---|---|---|---|
| 008 | 120416s1965 ||||||||||||||||| || u | ||
| 050 | _aQE 369.O6 Win | ||
| 100 | _aWinchell, Horace | ||
| 245 | 1 | 0 | _aOptical properties of minerals |
| 246 | _aa determinative table | ||
| 260 |
_aNew York _bAcademic Press _c1965 |
||
| 300 | _aix, 91p. | ||
| 350 | _a0.00 | ||
| 995 |
_D0.00 _FCBU-MAIN LIBRARY (Kitwe) _H1 _I8.45 _UAVAILABLE _ZAnnex Low-Usage Collection |
||
| 999 |
_c52711 _d52711 |
||